000 00515nam a2200229Ia 4500
003 0100
008 130307s9999 xx 000 0 und d
020 _a0534210368
040 _cARRUPELIB
050 _aBJ1012.B369 1994
100 _aBarcalow, Emmett
245 _aMoral philosophy
245 _btheory and issues
260 _aBelmont
260 _bwadsworth
260 _c1994
300 _axxi
300 _b378p. 23cm
650 _aETHICS
650 _bCarnap, Rudolph, 1891-1970
942 0 0 _02
999 _c93802
_d93802